Statystyki dla Państwa świata z literą C

Kliknij tutaj aby rozwiązać quiz!

Ogólne statystyki

  • Ten quiz został rozwiązany 1 072 razy
    (1 060 od ostatniego zresetowania)
  • Średni wynik to 19 z 28

Statystyki odpowiedzi

Państwa% Poprawnych
Czechy
94%
Chiny
92%
Chorwacja
89%
Chile
83%
Czarnogóra
83%
Czad
81%
Cypr
80%
Szwecja
76%
Grecja
73%
Szwajcaria
71%
Francja
70%
Turcja
70%
Macedonia Północna
69%
Słowacja
69%
USA
66%
Niemcy
65%
Zjednoczone Emiraty Arabskie
65%
Demokratyczna Republika Konga
62%
Liechtenstein
61%
Włochy
60%
Bośnia i Hercegowina
57%
Kazachstan
57%
Korea Północna
57%
Wybrzeże Kości Słoniowej
52%
Saint Vincent i Grenadyny
48%
Wyspy Świętego Tomasza i Książęca
47%
Saint Lucia
46%
Timor Wschodni
38%

Rozkład punktacji

Percentyl według liczby udzielonych odpowiedzi

Procent ludzi z każdym wynikiem

Twoja historia wyników

Nie rozwiązałeś tego quizu od ostatniego zresetowania